Globálne dopady finančnej a hospodárskej krízy na sektor výrobcov automobilov diplomová práca

Gespeichert in:
Bibliographische Detailangaben
1. Verfasser: Hara, Juraj
Körperschaft: Obchodná fakulta EU. Katedra medzinárodného obchodu
Weitere Verfasser: Zábojník, Stanislav, 1984-
Format: Buch
Sprache:Slowakisch
Veröffentlicht: Bratislava 2011
Tags: Tag hinzufügen
Keine Tags, Fügen Sie das erste Tag hinzu!

MARC

LEADER 00000nam a2200000 4500
001 0147576
005 20240318124720.8
041 0 |a slo 
044 |a SK 
245 1 0 |a Globálne dopady finančnej a hospodárskej krízy na sektor výrobcov automobilov  |b diplomová práca  |c Juraj Hara ; školiteľ: Stanislav Zábojník 
264 1 |a Bratislava  |c 2011 
300 |a 66 s. 
100 1 |a Hara, Juraj 
700 1 |a Zábojník, Stanislav, 1984- 
710 2 |a Obchodná fakulta EU. Katedra medzinárodného obchodu